000 00605nam a2200229Ia 4500
005 20241216010350.0
008 180423s9999||||xx |||||||||||||| ||und||
020 _a968-18-1561-0
082 _a603
_bG25
100 _aGARCIA DIAZ, RAFAEL
245 0 _aDICCIONARIO TECNICO INGLES -ESPAÑOL
250 _a0
260 _aMEXICO
_bLIMUSA
_c1988
300 _a540 pag
_c26 cm
341 _h90
490 _v0
_a0
505 _aTERMINOLOGIAS-INGENIERIA/INGLES-ESPAÑOL
541 _aC
_bLIB. SAN CRISTOBAL
_d01-Oct-96
_odólar
650 _aCIENCIAS APLICADAS
856 _zReferencia
942 _cLIBRO
999 _c12523
_d12523